Creed- One Last Breath Lyrics - Statistics

General Stats
  • This quiz has been taken 262 times
  • The average score is 185 of 238
Answer Stats
Answer % Correct
I
99%
And
96%
and
96%
I'm
96%
me
96%
the
96%
Hold
95%
now
94%
so
94%
So
94%
think
94%
down
93%
edge
93%
feet
93%
six
93%
from
92%
far
91%
Maybe
91%
thinking
91%
ain't
88%
on
88%
to
84%
breath
79%
last
79%
falling
77%
one
75%
Please
73%
please
73%
come
69%
in
68%
let
65%
say
64%
But
62%
It
62%
it
62%
with
58%
road
57%
you
56%
save
55%
found
54%
Heaven
53%
holding
53%
is
52%
nowhere
50%
when
50%
out
49%
thunder
49%
all
48%
for
48%
For
48%
somewhere
47%
Somewhere
47%
trying
46%
escape
44%
heard
44%
safe
44%
cried
42%
follow
42%
my
40%
something
39%
stay
39%
back
38%
believe
38%
left
38%
seems
38%
that
38%
there's
38%
it's
35%
still
35%
'Cause
34%
of
34%
His
33%
mistakes
32%
Sad
32%
eyes
31%
looking
31%
over
31%
grace
30%
thought
30%
yelled
25%
Reflecting
23%
No matching quizzes found
Score Distribution
Percent of People with Each Score
Percentile by Number Answered
Your Score History
You have not taken this quiz